000 00486nam a2200169 i 4500
001 27326
003 ES-MaACL
005 20240605063000.0
007 t|
008 030114s1963 sp ||||1| spa d
100 1 _aAranguren, José Luis L.,
_d1909-1996
_922315
245 1 0 _aEtica y política /
_cJosé Luis L. Aranguren.
260 _aMadrid :
_bGuadarrama,
_c[1963]
300 _a319 p. ;
_c20 cm.
852 _aES-MaACL
_jC-23415
_bR.51920
999 _c27326
_d27326